| 000 | 03643cam a2200313 a 4500 | ||
|---|---|---|---|
| 003 | EG-GiCUC | ||
| 005 | 20250223031559.0 | ||
| 008 | 161019s2016 ua f m 000 0 ara d | ||
| 040 |
_aEG-GiCUC _bara _cEG-GiCUC |
||
| 041 | 0 | _aara | |
| 049 | _aايداع | ||
| 097 | _aدكتوراه | ||
| 099 | _aCai01.05.01.Ph.D.2016.أح.ت | ||
| 100 | 0 | _aاحمد عبدالحكيم احمد محمد | |
| 245 | 1 | 0 |
_aتأثير الاعلان عن عمليات الإستحواذ وفقا لنوعية قرارات تمويلها على قيمة الشركات المستحوذة و المقيدة بالبورصة المصرية / _cاحمد عبدالحكيم احمد محمد ؛ إشراف خيرى على الجزيرى |
| 260 |
_aالقاهرة : _bاحمد عبدالحكيم احمد محمد : _c2016 |
||
| 300 |
_a195 ص ؛ _c30سم |
||
| 502 | _aاطروحة (دكتوراه) - جامعة القاهرة - كلية التجارة - قسم إدارة الأعمال | ||
| 520 | _aيكمن الهدف الرئيسى لهذه الدراسة فى تحديد تأثير الاعلان عن عمليات الاستحواذ وفقا لنوعه قرارات تمويلها على قيمة الشركات المستحوذة و المقيدة بالبورصة المصرية. و قد تم تقسيم هذا الهدف العام الى مجموعة من الاهداف الفرعية و التى تناولت تأثير الاعلان عن عمليات الاستحواذ بشكل عام على قيمة الشركات المستحوذة حول الحدث ولافى الاجل الطويل. باإلضافة الي بحث تأثير الاعلان عن صفقات الاستحواذ وفقا لنوعية قرارات تمويلها على قيمة الشركات المستحوذة و المقيدة بالبورصة المصرية فى الاجل القصير حول الحدث و فى الاجل الطويل. و قد تم اختيار عينة الدراسة على أساس الشركات المستحوذة و المقيدة فى البورصة المصرية و التى تتداول أسهمها بصورة نشطة سواء قبل الحدث أو بعد الحدث فى الاجل القصير أو الاجل الطويل. و قد بلغ عدد هذه الشركات 31 شركة مستحوذة من بين عدد 212 صفقة استحواذ تم تنفيذها خلال الفترة 2005/2014. تم تطبيق منهجية دراسة الحدث سواء منهجية دراسة الحدث في األجل القصير حول الحدث أو منهجية دراسة الحدث فى الاجل الطويل و المبنية على طريقة العوائد الاضافية السنوية للشراء و الاحتفاظ. و تم التوصل الى متجمع العوائد الاضافية اليومية لفترة ما قبل الحدث و ما بعد الحدث فى الاجل القصير: و كذا متجمع العوائد الاضافية السنوية للشراء و االحتفاظ فى الاجل الطويل. و تم تطبيق الاساليب الاحصائية كالمتوسط و الانحراف المعيار و معامل (إى تى إيه) لقياس مدى قوة تأثير الحدث | ||
| 530 | _aصدر ايضا كقرص مدمج | ||
| 653 | 4 | _aالاستحواذ | |
| 653 | 4 | _aمنهجية دراسة الحدث طويل الأجل | |
| 653 | 4 | _aمنهجية دراسة الحدث قصير الأجل | |
| 700 | 0 |
_aخيرى على الجزيرى : _eمشرف |
|
| 856 | _uhttp://172.23.153.220/th.pdf | ||
| 905 |
_aNazla _eRevisor |
||
| 905 |
_aSamia _eCataloger |
||
| 942 |
_2ddc _cTH |
||
| 999 |
_c58179 _d58179 |
||